| 000 | 01121cam a2200217 4500 | ||
|---|---|---|---|
| 001 | J128971 | ||
| 008 | 050307n1934 000 0 eng u | ||
| 035 | _a(Sirsi) u128971 | ||
| 041 | _aeng | ||
| 050 |
_a720 _c18 |
||
| 245 |
_aSurvey of London volume 15 _bthe parish of All Hallows Barking _cpart two |
||
| 260 |
_aLondon _bCountry Life _c1934 |
||
| 300 |
_axvii, 130p. _bill. _c30cm. |
||
| 490 |
_aSurvey of London Main Series _v15 |
||
| 520 | _aThis volume of the "Survey of London", English Heritage's detailed architectural and topographical study, describes buildings to the east of the Tower of London (many which have been demolished or rebuilt), explaining how they came into being and outlining their significance and historical associations. This earlier volume is highly selective and includes few buildings erected after 1800. Includes photographs and maps together with plans, sections and elevations of selected buildings. | ||
| 590 | _aSOL | ||
| 690 | _aBUILT ENVIRONMENT-CONSTRUCTION DESIGN | ||
| 700 |
_aGater, G. H. _xGeneral Editor |
||
| 700 |
_aGodfrey, Walter H. _xGeneral Editor |
||
| 942 | _n0 | ||
| 999 |
_c104059 _d104059 |
||